Southville International School and Colleges
Your cart is empty.
  • Cart
  • Lists
    Public lists Eva Luna New books Lux_list list_1
    Your lists Log in to create your own lists
  • Log in to your account
  • Your cookies
  • Search history
Southville International School and Colleges
  • Advanced search
  • Recent comments
  • Most popular
  • Libraries

Log in to your account

Log in with GOOGLE


If you do not have an external account, but do have a local account, you can still log in:

  1. Home
  2. MARC view: The day Martin Luther King Jr., was shot :
Normal view MARC view ISBD view

The day Martin Luther King Jr., was shot : (Record no. 34873)

[ view plain ]
MARC details
000 -LEADER
fixed length control field 00657nam a22002177a 4500
003 - CONTROL NUMBER IDENTIFIER
control field OSt
005 - DATE AND TIME OF LATEST TRANSACTION
control field 20140310184508.0
008 - FIXED-LENGTH DATA ELEMENTS--GENERAL INFORMATION
fixed length control field 131014t xxu||||| |||| 00| 0 eng d
020 ## - INTERNATIONAL STANDARD BOOK NUMBER
International Standard Book Number 0590436619
020 ## - INTERNATIONAL STANDARD BOOK NUMBER
International Standard Book Number 9780590436618
050 ## - LIBRARY OF CONGRESS CALL NUMBER
Classification number E 185.61
Item number .H351 1992
100 ## - MAIN ENTRY--PERSONAL NAME
Personal name Haskins, Jim
9 (RLIN) 29088
245 ## - TITLE STATEMENT
Title The day Martin Luther King Jr., was shot :
Remainder of title a photo history of the civil rights movement /
Statement of responsibility, etc Jim Haskins.
260 ## - PUBLICATION, DISTRIBUTION, ETC. (IMPRINT)
Place of publication, distribution, etc New York :
Name of publisher, distributor, etc Scholastics Inc.,
Date of publication, distribution, etc 1992.
300 ## - PHYSICAL DESCRIPTION
Extent 96 p. :
Other physical details col. ill. ;
Dimensions 26 cm.
521 ## - TARGET AUDIENCE NOTE
Target audience note
526 ## - STUDY PROGRAM INFORMATION NOTE
Reading level 1140
650 ## - SUBJECT ADDED ENTRY--TOPICAL TERM
Topical term or geographic name as entry element History
General subdivision Martin Luther King Jr.
9 (RLIN) 29089
942 ## - ADDED ENTRY ELEMENTS (KOHA)
Source of classification or shelving scheme Library of Congress Classification
Koha item type
Holdings
Withdrawn status Lost status Source of classification or shelving scheme Damaged status Home library Current library Shelving location Date acquired Total Checkouts Full call number Barcode Date last seen Copy number Price effective from Koha item type
    Library of Congress Classification   Luxembourg Library Luxembourg Library Scholastic Reading Center Section 10/14/2013   E 185.61 .H351 1992 SCHO0847 04/18/2017 1 10/14/2013 Books

The day Martin Luther King Jr., was shot :

APA

Haskins J., . (1992). The day Martin Luther King Jr., was shot. New York: Scholastics Inc.

Chicago

Haskins Jim, . 1992. The day Martin Luther King Jr., was shot. New York: Scholastics Inc.

Harvard

Haskins J., . (1992). The day Martin Luther King Jr., was shot. New York: Scholastics Inc.

MLA

Haskins Jim, . The day Martin Luther King Jr., was shot. New York: Scholastics Inc. 1992.

  • Place hold
  • Print
  • Cite
  • Add to your cart (remove)
  • Save record
    BIBTEX Dublin Core MARCXML MARC (non-Unicode/MARC-8) MARC (Unicode/UTF-8) MARC (Unicode/UTF-8, Standard) MODS (XML) RIS
  • More searches
    Search for this title in:
    Other Libraries (WorldCat) Other Databases (Google Scholar) Online Stores (Bookfinder.com) Open Library (openlibrary.org)

Exporting to Dublin Core...

SOUTHVILLE LIBRARY

Southville International School and Colleges Library

1281 Tropical Ave. Cor. Luxembourg St., BF Homes International, Las Pinas City

Tel. No. 8256374 / 252358 Loc. 117/146

Powered by Koha